Statistics for Greco-Roman Titans

Click here to take the quiz!

General Stats

  • This quiz has been taken 2,274 times
    (2,271 since last reset)
  • The average score is 6 of 16

Answer Stats

HintAnswer% Correct
King of the Titans during the Golden Age and embodiment of destructive time, time which devours allCronus
93%
Mother of the Titans and embodiment of the earthGaia
82%
Leader of the Titans in the Great War and the Titan who was forced to hold the sky on his shoulders for all timeAtlas
82%
Titan that brought fire to mankind and was later punished for it, his name is translated to mean 'fore-thought'Prometheus
72%
Father of the Titans and the embodiment of the skyUranus
57%
Queen of the Titans during the Golden Age and embodiment of female fertility and the mountain wildsRhea
44%
Titan embodiment of oaths of allegiance and the deadly river of the dead in HadesStyx
36%
Titan embodiment of the earth-encircling, freshwater riversOceanus
28%
Titan embodiment of light and the sunHyperion
24%
Brother of the above Titan, his name is translated to mean 'after-thought'Epimetheus
21%
Titan embodiment of memory, words, and language, and mother of the nine MusesMnemosyne
16%
Titan embodiment of natural order, divine law, and tradition, and mother of the Sisters of FateThemis
9%
Titan embodiment of intellect and prophecyPhoebe
9%
Titan embodiment of motherhood, light, and womanly demureLeto
8%
Titan embodiment of good counsel, gave the elixir that forced the king of the titans to disgorge the children he had swallowed to avoid the future the oracle foretoldMetis
8%
Titan embodiment of destructionPerses
5%

Score Distribution

Percentile by Number Answered

Percent of People with Each Score

Your Score History

You have not taken this quiz since the last reset